| 000 | 01003nas a2200325 4500 | ||
|---|---|---|---|
| 001 | BR0903074 | ||
| 003 | BR-BrBNA | ||
| 005 | 20231205113408.0 | ||
| 007 | ta | ||
| 008 | 230509b bl.|||p| |||| 00| 00por d | ||
| 040 |
_aBR-BrBNA _bpor _cBiblioteca Nacional de Agricultura |
||
| 041 | _a(Pt) | ||
| 072 | _aF08 | ||
| 100 | 1 | _aSchons, A. | |
| 100 | 1 | _aAtreck, A. | |
| 100 | 1 | _aStorck, L. | |
| 100 | 1 | _aBuriol, G. | |
| 100 | 1 | _aZanon, A.J. | |
| 100 | 1 | _aPinheiro, D.G. | |
| 100 | 1 | _aKraulich, B. | |
| 245 | 1 | _aArranjos de plantas de mandioca e milho em cultivo solteiro e consorciado: crescimento, desenvolvimento e produtividade | |
| 650 | _aMANDIOCA | ||
| 650 | _aMILHO | ||
| 650 | _aCOMPETIÇÃO DE VARIEDADE | ||
| 650 | _aCONSORCIAÇÃO DE CULTURA | ||
| 773 | 0 |
_tBragantia (Brazil) _xISSN 0006-8705 _g(Jan-Feb 2009), v. 68(1) p. 155-167 _wBR0903074 |
|
| 856 | 4 | 0 | _uhttp://www.aprh.pt/rgci/pdf/rgci-155_Borges.pdf |
| 909 |
_a202311 _bLúcia _c55 _dLúcia Elande |
||
| 942 |
_2AGRIS _n0 _cANA |
||
| 999 |
_c203551 _d203551 |
||